Music Quiz

Random Music or Song Quiz
Score 0/74 Timer 10:00
0 Plays Today
Hint Answer % Correct
Take This to Your GraveGrand Theft Autumn
89.7%
Save Rock and RollSave Rock and Roll
89.7%
American Beauty/American PsychoCenturies
88.2%
Save Rock and RollThe Phoenix
86.8%
Save Rock and RollMy Songs Know What You Did in the Dark
86.8%
Infinity on HighThnks fr th Mmrs
85.3%
Folie à DeuxI Don't Care
85.3%
Take This to Your GraveDead on Arrival
83.8%
Take This to Your GraveSaturday
83.8%
American Beauty/American PsychoAmerican Beauty
83.8%
Save Rock and RollMiss Missing You
82.4%
Save Rock and RollDeath Valley
82.4%
Save Rock and RollYoung Volcanoes
82.4%
Save Rock and RollAlone Together
80.9%
Save Rock and RollWhere DId the Party Go
80.9%
Save Rock and RollJust One Yesterday
80.9%
American Beauty/American PsychoImmortals
80.9%
From Under the Cork TreeDance, Dance
79.4%
Save Rock and RollThe Mighty Fall
79.4%
Save Rock and RollRat a Tat
79.4%
American Beauty/American PsychoIrresistible
79.4%
Folie à DeuxShe's My Winona
77.9%
Folie à DeuxCoffee's for Closers
77.9%
Folie à Deux27
77.9%
Folie à DeuxHeadfirst Slide into Cooperstown on a Bad Bet
76.5%
Folie à DeuxTiffany Blews
76.5%
American Beauty/American PsychoThe Kids Aren't Alright
76.5%
American Beauty/American PsychoJet Pack Blues
76.5%
American Beauty/American PsychoNovocaine
76.5%
American Beauty/American PsychoFourth of July
76.5%
American Beauty/American PsychoTwin Skeletons
76.5%
From Under the Cork TreeXO
75%
Folie à DeuxAmerica's Suitehearts
75%
Folie à DeuxWhat a Catch, Donnie
75%
Folie à Deuxw.a.m.s.
75%
Folie à Deux20 Dollar Nose Bleed
75%
American Beauty/American PsychoUma Thurman
75%
Hint Answer % Correct
Take This to Your GraveTell That Mick He Just Made My List of Things to Do Today
73.5%
From Under the Cork TreeSugar, We're Goin Down
73.5%
Infinity on HighThis Ain't a Scene, It's an Arms Race
73.5%
Folie à DeuxDisloyal Order of Water Buffaloes
73.5%
American Beauty/American PsychoFavorite Record
73.5%
From Under the Cork TreeOur Lawyer Made Us Change the Name of This Song So We Wouldn't Get Sued
72.1%
Infinity on HighThriller
72.1%
Infinity on HighGolden
72.1%
Folie à DeuxWest Coast Smoker
72.1%
Take This to Your GraveHomesick at Space Camp
70.6%
Infinity on HighHum Hallelujah
70.6%
From Under the Cork TreeA Little Less Sixteen Candles, a Little More Touch Me
69.1%
Infinity on HighThe Take Over the Breaks Over
69.1%
Infinity on HighBang the Doldrums
69.1%
Folie à DeuxThe (Shipped) Gold Standard
69.1%
From Under the Cork TreeI've Got a Dark Alley and a Bad Idea That Says You Should Shut Your Mouth
67.6%
From Under the Cork TreeGet Busy Living or Get Busy Dying
67.6%
Infinity on HighI'm Like a Lawyer with the Way I'm Always Trying to Get You Off
67.6%
Take This to Your GraveGrenade Jumper
66.2%
From Under the Cork TreeNobody Puts Baby in the Corner
66.2%
From Under the Cork Tree7 Minutes in Heaven
66.2%
From Under the Cork TreeSophomore Slump or Comeback of the Year
66.2%
Infinity on HighThe After Life of the Party
66.2%
Take This to Your GraveSending Postcards from a Plane Crash
64.7%
Take This to Your GraveCalm Before the Storm
64.7%
From Under the Cork TreeOf All the Gin Joints in All the World
64.7%
From Under the Cork TreeI Slept with Someone in Fall Out Boy and All I Got Was This Stupid Song Written About Me
64.7%
Infinity on HighDon't You Know Who I Think I Am?
64.7%
Infinity on HighThe Carpal Tunnel of Love
64.7%
Infinity on HighFame < Infamy
64.7%
Infinity on HighYou're Crashing, But You're No Wave
64.7%
Infinity on HighI've Got All This Ringing in My Ears and None on My Fingers
64.7%
Take This to Your GraveChicago Is So Two Years Ago
63.2%
Take This to Your GraveThe Pros and Cons of Breathing
63.2%
Take This to Your GraveReinventing the Wheel to Run Myself Over
63.2%
From Under the Cork TreeChampagne for My Real Friends, Real Pain for My Sham Friends
63.2%
Take This to Your GraveThe Patron Saint of Liars and Fakes
58.8%
Remove Ads.
Support Sporcle.
Get the best of Sporcle when you Go Orange. This ad-free experience offers more features, more stats, and more fun while also helping to support Sporcle. Thank you for becoming a member.

You're not logged in!

Compare scores with friends on all Sporcle quizzes.
OR
Log In

Show Comments

Extras

Created Dec 27, 2014ReportNominate
Tags:Song Quiz, Boy, fall

Top Quizzes Today


Score Distribution

Your Account Isn't Verified!

In order to create a playlist on Sporcle, you need to verify the email address you used during registration. Go to your Sporcle Settings to finish the process.

Report this User

Report this user for behavior that violates our Community Guidelines.

Details: